| 000 | 00643nam a22001817a 4500 | ||
|---|---|---|---|
| 005 | 20251108170933.0 | ||
| 008 | 250721s9999 xx 000 0 ara d | ||
| 082 | 1 | 4 | _aم/217.5/مقد |
| 100 | 1 | _aالمقدسي، بهاء الدين عبد الرحمن بن إبراهيم | |
| 245 | 1 | 0 | _aالعدة شرح المعمدة في فقه إمام السنة أحمد بن حنبل الشيباني رضي الله عنه / |
| 264 | 1 |
_aالرياض : _bمكتبة الرياض، _c[19-]. |
|
| 300 | _a672ص | ||
| 650 | 1 | 7 | _aالإسلام |
| 650 | 1 | 7 | _aفقه |
| 650 | 1 | 7 | _aالمذهب الحنبلي |
| 942 |
_2ddc _cREF |
||
| 999 |
_c52548 _d52548 |
||